The psychic factors of civilization / (Record no. 167865)

MARC details
000 -LEADER
campo de control de longitud fija 00654nam a22001935i 4500
001 - NÚMERO DE CONTROL
campo de control 167865
003 - IDENTIFICADOR DE NÚMERO DE CONTROL
campo de control ES-MaACL
005 - FECHA Y HORA DE LA ÚLTIMA TRANSACCIÓN
campo de control 20230906213619.0
008 - DATOS DE LONGITUD FIJA--INFORMACIÓN GENERAL
campo de control de longitud fija 050929s1893 xxu | |||||||| ||eng d
040 ## - FUENTE DE CATALOGACIÓN
Centro catalogador/agencia de origen CAM
Lengua de catalogación spa
Centro/agencia transcriptor CAM
100 1# - ENTRADA PRINCIPAL--NOMBRE DE PERSONA
Nombre de persona Ward, Lester F.
9 (RLIN) 116081
245 14 - MENCIÓN DEL TÍTULO
Título The psychic factors of civilization /
Mención de responsabilidad, etc. by Lester F. Ward.
260 ## - PUBLICACIÓN, DISTRIBUCIÓN, ETC.
Lugar de publicación, distribución, etc. Boston, USA :
Nombre del editor, distribuidor, etc. Ginn & Company,
Fecha de publicación, distribución, etc. 1893 (
Fabricante The Athenaeum Press)
300 ## - DESCRIPCIÓN FÍSICA
Extensión XXI, 369 p. ;
Dimensiones 24 cm.
710 2# - ENTRADA AGREGADA--NOMBRE DE ENTIDAD CORPORATIVA
Nombre de entidad corporativa o nombre de jurisdicción como elemento de entrada Ginn & Company,
Término indicativo de función/relación
9 (RLIN) 134415
710 2# - ENTRADA AGREGADA--NOMBRE DE ENTIDAD CORPORATIVA
Nombre de entidad corporativa o nombre de jurisdicción como elemento de entrada The Athenaeum Press,
Término indicativo de función/relación
9 (RLIN) 134969
752 ## - ENTRADA AGREGADA--NOMBRE JERÁRQUICO DEL LUGAR
País o entidad superior Estados Unidos de América -
Ciudad Boston
852 ## - LOCALIZACIÓN
Ubicación ES-MaACL
Número de control de estantería G-10450
Nota libre -- Enc. tela marrón
Holdings
Estatus retirado Estado de pérdida Estado de daño No para préstamo Colección Biblioteca de origen Biblioteca actual Ubicación en estantería Fecha de adquisición Fuente de adquisición Total de préstamos Signatura topográfica completa Código de barras Visto por última vez Precio de reemplazo Tipo de ítem Koha
        Libros del s. XIX Biblioteca del Ateneo de Madrid Biblioteca del Ateneo de Madrid Sala Pecera Planta 3 17/01/2008     G-10450 1176110 23/02/2023 23/02/2023 Libro impreso antiguo